Fintech /

Contenido: 1) La opción fintech; 2) Primeros pasos: control de gastos; 3) La factura del ahorro: la base de nuestro patrimonio financieros; 4) El fondo de emergencia; 5) La fuerza del interés compuesto; 6) Fondos indexados y Exchange Trade Funds (ETF); 7) Roboadvisors; 8) Conceptos clave en el mundo...

Fuld beskrivelse

Guardado en:
Bibliografiske detaljer
Hovedforfatter: Noya, Eloi (autor)
Andre forfattere: Soler, Josep (prólogo) (prólogo)
Format: Bog
Sprog:spansk
Udgivet: Madrid, España : LID, 2021, c2021
Fag:
Tags: Tilføj Tag
Ingen Tags, Vær først til at tagge denne postø!

MARC

LEADER 00000nam^a2200000^a^4500
001 000449424
005 20250521000000.0
009 20260526145350.545
020 |a 978-84-18709-49-4 
037 |a Acervo ITESO - Biblioteca 
041 |a ESP 
082 |a 332. 6  |b NOY 
100 |a Noya, Eloi  |e (autor) 
245 1 0 |a Fintech /  |c E. Noya ; pról. J. Soler. 
264 4 |a Madrid, España :  |b LID,  |c 2021, c2021 
300 |a 167 p. 
336 |a texto  |b txt  |2 rdacontenido 
337 |a sin mediación  |b n  |2 rdamedio 
338 |a volumen  |b nc  |2 rdasoporte 
520 |a Contenido: 1) La opción fintech; 2) Primeros pasos: control de gastos; 3) La factura del ahorro: la base de nuestro patrimonio financieros; 4) El fondo de emergencia; 5) La fuerza del interés compuesto; 6) Fondos indexados y Exchange Trade Funds (ETF); 7) Roboadvisors; 8) Conceptos clave en el mundo de la inversión; 9) Fondos de gestión activa; 10) Inversiones alternativas: inmuebles, oro, arte; 11) Inversiones alternativas: el Crowdfunding; 12) Un mundo financiero nuevo: criptomonedas y finanzas descentralizadas. 
649 |a XX 
650 |a Fondos de Inversión 
650 |a Inversiones de Capital 
650 |a Administración de Inversiones -  |x Aspectos Tecnológicos -  |x Tema Principal 
650 |a Inversiones -  |x Aspectos Tecnológicos -  |x Tema Principal 
650 |a Inversiones -  |x Teoría 
650 |a Inversiones -  |x Tema Principal 
650 |a Opciones (Finanzas) 
650 |a Finanzas 
650 |a Economía 
700 |a Soler, Josep  |e (prólogo) 
910 |a Fondo General 
920 |a Impresos - Libros 
930 |a Colección General 
905 |a 101 
901 |a 0500368225  |b IT1  |c ACC  |i C179350  |u 20250521 
902 |a https://opac.biblio.iteso.mx/vufind/Record/000449424